Process systems analysis and control (Record no. 13575)

000 -LEADER
fixed length control field 00578nam a22002051 4500
001 - CONTROL NUMBER
control field 13575
003 - CONTROL NUMBER IDENTIFIER
control field BD-DhUET
008 - FIXED-LENGTH DATA ELEMENTS--GENERAL INFORMATION
fixed length control field 730306s1965 nyua b 000 0 eng
040 ## - CATALOGING SOURCE
Original cataloging agency DLC
Transcribing agency DLC
Modifying agency BD-DhUET
082 ## - DEWEY DECIMAL CLASSIFICATION NUMBER
Classification number 660.284
Item number COU/1965
100 1# - MAIN ENTRY--PERSONAL NAME
Personal name Coughanowr, Donald R.
245 10 - TITLE STATEMENT
Title Process systems analysis and control
250 ## - EDITION STATEMENT
Edition statement 1st ed.
260 ## - PUBLICATION, DISTRIBUTION, ETC. (IMPRINT)
Place of publication, distribution, etc. New York
Name of publisher, distributor, etc. McGraw-Hill
Date of publication, distribution, etc. 1965
300 ## - PHYSICAL DESCRIPTION
Extent xii, 491 p.
Other physical details ill.
Dimensions 21 cm.
490 ## - SERIES STATEMENT
Series statement McGraw-Hill chemical engineering series
650 #0 - SUBJECT ADDED ENTRY--TOPICAL TERM
Topical term or geographic name as entry element Control devices process engineering
700 ## - ADDED ENTRY--PERSONAL NAME
Personal name Koppel, Lowell B.
942 ## - ADDED ENTRY ELEMENTS (KOHA)
Koha item type General Book
Holdings
Location (home branch) Not for loan Koha issues (times borrowed) Copy number Source of classification or shelving scheme Shelving location Koha full call number Koha item type Withdrawn status Koha date last borrowed Koha normalized classification for sorting Koha date last seen Piece designation (barcode) Price effective from Date acquired Sublocation or collection (holding branch) Lost status Damaged status
Central Library, BUET  1 Circulation section660.284/COU/1965General Book  660_284000000000000_COU_19652015-03-03296992015-03-032015-03-03Central Library, BUET  
Central Library, BUET 12 Circulation section660.284/COU/1965General Book 2017-05-09660_284000000000000_COU_19652017-05-09296892015-03-032015-03-03Central Library, BUET  
Central Library, BUET  3 Circulation section660.284/COU/1965General Book  660_284000000000000_COU_19652015-03-03296972015-03-032015-03-03Central Library, BUET  
Central Library, BUET  4 Circulation section660.284/COU/1965General Book  660_284000000000000_COU_19652015-03-03296922015-03-032015-03-03Central Library, BUET  
Central Library, BUET  5 Circulation section660.284/COU/1965General Book  660_284000000000000_COU_19652015-03-03296982015-03-032015-03-03Central Library, BUET  
Central Library, BUET  6 Circulation section660.284/COU/1965General Book  660_284000000000000_COU_19652015-03-03296902015-03-032015-03-03Central Library, BUET  
Central Library, BUET  7 Cataloging to Circulation660.284/COU/1965General Book  660_284000000000000_COU_19652015-03-03296882015-03-032015-03-03Central Library, BUET  
Central Library, BUET  8 Circulation section660.284/COU/1965General Book  660_284000000000000_COU_19652015-03-04345192015-03-042015-03-04Central Library, BUET  
Central Library, BUET  9 Circulation section660.284/COU/1965General Book  660_284000000000000_COU_19652015-05-11296942015-05-112015-05-11Central Library, BUET  
Central Library, BUET  10 Circulation section660.284/COU/1965General Book  660_284000000000000_COU_19652015-05-11296962015-05-112015-05-11Central Library, BUET  
Central Library, BUET  11 Circulation section660.284/COU/1965General Book  660_284000000000000_COU_19652015-05-13296952015-05-132015-05-13Central Library, BUET  
Central Library, BUET  12 Circulation section660.284/COU/1965General Book  660_284000000000000_COU_19652015-05-14178692015-05-142015-05-14Central Library, BUET  
Central Library, BUET  13 Circulation section660.284/COU/1965General Book  660_284000000000000_COU_19652015-05-18158222015-05-182015-05-18Central Library, BUET  
Central Library, BUET  14 Reading section660.284/COU/1965General Book  660_284000000000000_COU_19652015-06-20297002015-06-202015-06-20Central Library, BUET  
Central Library, BUET  15 Reading section660.284/COU/1965General Book  660_284000000000000_COU_19652015-06-20297012015-06-202015-06-20Central Library, BUET  
Central Library, BUET  16 Circulation section660.284/COU/1965General Book  660_284000000000000_COU_19652015-07-10167162015-07-102015-07-10Central Library, BUET